Normal view MARC view
  • Esteban Guitart, Moisès

Entry Nombre Personal

Number of records used in: 1

001 - NUMERO DE CONTROL

  • campo de control: 49069

003 - IDENTIFICADOR DE NUMERO DE CONTROL

  • campo de control: UPN

005 - FECHA Y HORA DE LA ÜLTIMA TRANSACCIÓN

  • campo de control: 20230529131703.0

008 - DATOS DE LONGITUD FIJA

  • campo de control de longitud fija: 230529|| acn||aabn | a|a d

024 7# - OTROS IDENTIFICADORES NORMALIZADOS

  • Fuente: orcid
  • Número normalizado o código: https://orcid.org/0000-0002-1700-8792

040 ## - FUENTE DE CATALOGACIÓN

  • Agencia original de catalogación: MX-MxUPN

100 ## - ENCABEZAMIENTO - NOMBRE PERSONAL

  • Nombre personal: Esteban Guitart, Moisès

370 ## - LUGAR ASOCIADO

  • Associated country: España

371 ## - DIRECCIÓN

  • Electronic mail address: moises.esteban@udg.edu
  • Uniform Resource Identifier: https://www.infanciacontemporanea.com/miembros/moisesestebanguitart/

372 ## - CAMPO DE ACTIVIDAD

  • Field of activity: Psicología de la educación. Psicología evolutiva.

373 ## - GRUPO ASOCIADO

  • Associated group: Universidad de Girona. Departamento de Psicología
  • Associated group: Institut de recerca educativa

374 ## - OCUPACIÓN

  • Occupation: Profesor - investigador universitario

670 ## - FUENTE EN LA QUE SE LOCALIZARON DATOS

  • Cita de la fuente: En sitio web: Universitat de Girona
  • Información localizada: (Esteban Guitart, Moises)
  • Uniform Resource Identifier: https://www.udg.edu/ca/directori/pagina-personal?om=PR&ID=53651&language=ca-ES

902 ## - CATALOGADOR

  • Catalogador: Leonor Sotres/290523